000 00536nam a22001457a 4500
005 20241109185959.0
008 241109b |||||||| |||| 00| 0 eng d
020 _a9789041118806
245 _aAccess to Justice
_bThe role of Court Administrators and Lay Adjudicators in the African and Islamic Context
_cEdited by Elbern Stephanie and Jones-Pauly Christina
260 _aNetherlands
_bKluwer Law International
_c2002
300 _axv, 257 pages
_c24.5 cm
500 _aIncludes index
650 _2Justice
_xNetherlands
942 _2lcc
_cBK
_n0
999 _c968
_d968